000
00336nam a22001457a 4500
999
_c
5711
_d
5709
005
20210831130016.0
008
180628b xxu||||| |||| 00| 0 eng d
041
_a
eng
100
_a
HEYWOOD, ANDREW
_9
6844
245
_a
POLITICS
250
_a
4TH ED.
260
_a
new york
_b
PAIGRAVE, MACMILLAN
_c
1997
300
_a
496p,
942
_c
BK